Der Schutz der Eigentums- und Wirtschaftsordnung im Strafrecht der DDR. Unter vergleichender Berücksichtigung der Rechtsentwicklung in der Bundesreppublik Deutschland

Guardado en:  
Detalles Bibliográficos
Autor principal: Roggemann, Herwig 1935- (Autor)
Tipo de documento: Print Artículo
Lenguaje:Lengua no determinada
Publicado: 1987
En: Recht in Ost und West
Año: 1987, Volumen: 31, Páginas: 1-15
Verificar disponibilidad: HBZ Gateway
Palabras clave:

MARC

LEADER 00000caa a22000002c 4500
001 1639276122
003 DE-627
005 20241213173837.0
007 tu
008 160223s1987 xx ||||| 00| ||und c
035 |a (DE-627)1639276122 
035 |a (DE-576)455824568 
035 |a (DE-599)BSZ455824568 
040 |a DE-627  |b ger  |c DE-627  |e rakwb 
100 1 |a Roggemann, Herwig  |d 1935-  |0 (DE-588)128594292  |0 (DE-627)376263466  |0 (DE-576)260896055  |4 aut 
109 |a Roggemann, Herwig 1935-  |a Roggemann, H. 1935-  |a Roggmann, Herwig 1935- 
245 1 4 |a Der Schutz der Eigentums- und Wirtschaftsordnung im Strafrecht der DDR. Unter vergleichender Berücksichtigung der Rechtsentwicklung in der Bundesreppublik Deutschland  |c Herwig Roggemann 
264 1 |c 1987 
336 |a Text  |b txt  |2 rdacontent 
337 |a ohne Hilfsmittel zu benutzen  |b n  |2 rdamedia 
338 |a Band  |b nc  |2 rdacarrier 
773 0 8 |i In  |t Recht in Ost und West  |d Berlin : Berlin-Verl., 1957  |g 31(1987), Seite 1-15  |w (DE-627)130122939  |w (DE-600)506150-7  |w (DE-576)01565625X  |x 0486-1485  |7 nnas 
773 1 8 |g volume:31  |g year:1987  |g pages:1-15 
889 |w (DE-627)68249643X 
935 |a mkri 
935 |i mdedup 
951 |a AR 
ELC |b 1 
LOK |0 000 xxxxxcx a22 zn 4500 
LOK |0 001 3299714503 
LOK |0 003 DE-627 
LOK |0 004 1639276122 
LOK |0 005 20160223095117 
LOK |0 008 160208||||||||||||||||ger||||||| 
LOK |0 040   |a DE-21-110  |c DE-627  |d DE-21-110 
LOK |0 689   |a s  |a Strafrecht 
LOK |0 689   |a s  |a DDR 
LOK |0 852   |z Kein Bestand am IfK; Nachweis für KrimDok 
LOK |0 852   |a DE-21-110 
LOK |0 852 1  |m v  |9 00 
LOK |0 935   |a k110 
LOK |0 938   |k v 
LOK |0 939   |a 08-02-16  |b l01 
ORI |a SA-MARC-krimdoka001.raw